00888naa a22002657a 4500001001000000003000900010005001700019007000300036008003400039040005400073041000900127072002500136100002100161100002200182245010300204260004200307500009800349650001000447650001200457650001200469650001300481650001800494650001500512773009500527BR8104437BR-BrBNA20240918174756.0ta230509b bl.||||| |||| 00| 0 por d aBR-BrBNAbporcBiblioteca Nacional de Agricultura a(Pt) aF00; F60b0180b35751 aVilela, E. de A.1 aSilveira, J.F. da1 aInfluencia da epoca de plantio na qualidade fisiologica da semente de trigo (Triticum aestivum L.)3 aBelo Horizonte, MG (Brasil): c1981.  aProjeto trigo. Relatorio 77/78 Belo Horizonte, MG (Brasil): 1981. p. 95-98 (BR8104437-AM)F00  aTRIGO aSEMENTE aPLANTIO aCOLHEITA aARMAZENAMENTO aGERMINACAO0 tProjeto trigo. Relatorio 77/78wF00 BR8104437gBelo Horizonte, MG (Brasil), 1981. p. 95-98